| 000 | 01035nam a22003017a 4500 | ||
|---|---|---|---|
| 003 | CHAP | ||
| 005 | 20220329141746.0 | ||
| 008 | 971013s1979 r 00010 d | ||
| 010 | _a73415 | ||
| 011 | _a74387 | ||
| 035 | _a83946 | ||
| 040 | _cCHAP | ||
| 090 | _aTesis | ||
| 100 | 0 | 0 |
_aCarvajal Ezeta, Alejandro. _919679 |
| 245 | _aEstudio zootécnico de la ovinocultura en Santo Tomas y San Miguel Ajusco Tlalpan, D.F. | ||
| 260 |
_aToluca, Méx. : _bEl autor, _c1979 |
||
| 300 |
_a99 h. _b: tablas |
||
| 502 | _aTesis (Médico Veterinario Zootecnista) -- Univ. Autónoma del Edo. de México. Escuela de Medicina Veterinaria y Zootecnia | ||
| 590 |
_aALEPH _b10 _c20130110 _lUCH01 _h1416 |
||
| 590 |
_aBATCH-UPD _b10 _c20130110 _lUCH01 _h0759 |
||
| 590 |
_aBATCH-UPD _b10 _c20130410 _lUCH01 _h0438 |
||
| 590 |
_aBATCH-UPD _b10 _c20130914 _lUCH01 _h0854 |
||
| 590 |
_aCONVERSION _b10 _c20130109 _lUCH01 _h1340 |
||
| 650 | 1 | 4 |
_aGanado lanar _xCría de. _945167 |
| 901 | _aBK | ||
| 942 | _cTESIS | ||
| 949 |
_bBC _cTES _d-38958 _eTS1 _i83946 _si |
||
| 999 |
_c73415 _d73415 |
||